000 00312nam a22001337a 4500
008 171106b xxu||||| |||| 00| 0 eng d
020 _a9780538844031
041 _aeng
080 _210TH
_a330.722.6
100 _a61
101 _aKON
245 _aPRINCIPLES OF COST ACCOUNTING
_cNAGY,CH,.F
942 _2udc
_cBK
999 _c37830
_d37830